Statistics for Pharmacy - Top 200 Drugs - Name the Generic

Click here to take the quiz!

General Stats

  • This quiz has been taken 281 times
  • The average score is 38 of 200

Answer Stats

Drug ClassBrandGeneric% Correct
NSAIDAdvilIbuprofen
74%
Opioid AnalgesicPercocetOxycodone/Acetaminophen
61%
Penicillin antibiotic/Beta-lactamase inhibitorAugmentinAmoxicillin/Clavulanic acid
59%
Antibacterial drugAmoxil|TrimoxAmoxicillin
58%
Opioid AnalgesicVicodin|NorcoHydrocodone/Acetaminophen
56%
StatinLipitorAtorvastatin
54%
Anticoagulant drugCoumadinWarfarin
52%
Analgesic/BarbiturateFioricetAcetaminophen/Butalbital/Caffeine
51%
Analgesic / antipyreticTylenolAcetaminophen
50%
BenzodiazepineValiumDiazepam
50%
COX-inhibitor / NSAIDCelebrexCelecoxib
49%
SSRIZoloftSertraline
49%
Oral antidiabetic drugGlucophageMetformin
45%
Proton-pump inhibitorNexiumEsomeprazole
44%
Proton-pump inhibitorPrilosecOmeprazole
44%
SSRILexaproEscitalopram
42%
SSRIProzac|SarafemFluoxetine
42%
Thyroid hormoneSynthroidLevothyroxine
41%
Opioid analgesicMethadoseMethadone
41%
NSAIDAleveNaproxen
41%
Beta-2 agonistProAir|Ventolin|ProventilAlbuterol
39%
Beta-2 agonist/Anticholinergic drugCombivent|DuoNebAlbuterol/Ipatropium
39%
StatinCrestorRosuvastatin
39%
PDE5 inhibitorViagraSildenafil
39%
SSRICelexaCitalopram
38%
Antipyretic/AnalgesicBayer|Ecotrin|BufferinAspirin
37%
Loop diureticLasixFurosemide
37%
Anticonvulsant drugNeurontinGabapentin
37%
Anticonvulsant drugLyricaPregabalin
37%
StatinZocorSimvastatin
37%
BenzodiazepineXanaxAlprazolam
36%
Macrolide antibacterialZithromaxAzithromycin
36%
BenzodiazepineAtivanLorazepam
34%
H2 antagonistPepcidFamotidine
33%
Antipsychotic drugSeroquelQuetiapine
33%
SNRIEffexorVenlafaxine
33%
CephalosporinKeflexCephalexin
32%
Antiemetic drugZofranOndansetron
32%
BronchodilatorsAdvairSalmeterol/Fluticasone
32%
Calcium channel blockerNorvascAmlodipine
31%
Antipsychotic drugRisperdalRisperidone
31%
Beta-blockerTenorminAtenolol
30%
PDE5 inhibitorCialisTadalafil
30%
Z-drug / hypnoticAmbienZolpidem
30%
Antiplatelet drugPlavixClopidogrel
29%
Anticonvulsant drugLamictalLamotrigine
29%
Beta-blockerLopressor|ToprolMetoprolol
28%
Opioid AntagonistSuboxoneBuprenorphine/Naloxone
27%
Angiotensin II blockerThiazide diureticHyzaarLosartan/Hydrochlorothiazide
27%
Proton-pump inhibitorProtonixPantoprazole
27%
Beta-lactam antibacterialPen VK|VeetidsPenicillin
27%
AnticoagulantEliquisApixaban
26%
Beta-blockerZebeta|MonocorBisoprolol
26%
BenzodiazepineKlonopinClonazepam
26%
NSAIDCataflam|VoltarenDiclofenac
26%
CNS StimulantRitalin|ConcertaMethylphenidate
26%
Leukotriene inhibitorSingulairMontelukast
26%
Potassium-sparing diureticAldactoneSpironolactone
26%
Anti-gout drugZyloprimAllopurinol
25%
Antipsychotic drugHaldolHaloperidol
25%
Antibacterial/Antiprotozoal drugFlagylMetronidazole
25%
SSRIPaxilParoxetine
25%
NitrateNitroStat SublingualNitroglycerin
24%
BisphosphonateFosamaxAlendronate
23%
Opioid narcoticDuragesic Skin PatchFentanyl
23%
StatinPravacholPravastatin
23%
Anti-migraine drugImitrexSumatriptan
23%
Anticoagulant drugHeparinHeparin
22%
Proton-pump inhibitorPrevacidLansoprazole
22%
Anticonvulsant drugKeppraLevetiracetam
22%
NSAIDMobicMeloxicam
22%
Tricyclic antidepressantElavil|VanatripAmitriptyline
21%
FluoroquinoloneCipro|ProquinCiprofloxacin
21%
Tetracycline antibioticVibramycin|AdoxaDoxycycline
21%
Antiparkinsonian medicineStalevoLevodopa/Carbidopa/Entacapone
21%
ACE inhibitorPrinivil|QbrelisLisinopril
21%
CorticosteroidDeltasone|RayosPrednisone
21%
Anticoagulant drugXareltoRivaroxaban
21%
Opiate narcoticUltramTramadol
21%
Antiviral drugZoviraxAcyclovir
20%
Antibacterial drugCleocinClindamycin
19%
FibrateTriCor|AntaraFenofibrate
19%
Antifungal drugDiflucanFluconazole
19%
Angiotensin II blocker/Thiazide diureticAvalideIrbesartan/Hydrochlorothiazide
19%
Local anestheticLidodermLidocaine
19%
ACE inhibitorAltaceRamipril
19%
Low-molecule weight heparin (LMWH)LovenoxEnoxaparin
18%
Opioid Analgesic/AntihistamineTussionexHydrocodone/Chlorpheniramine
18%
Long-acting insulinLantusInsulin glargine
18%
CorticosteroidFlo-PredPrednisolone
18%
LaxativeEx-Lax|Senna Lax|GerikotSenna
18%
CorticosteroidAla-CortHydrocortisone
17%
Antibacterial drugMacrobid|MacrodantinNitrofurantoin
17%
Antiviral drugTamifluOseltamivir
17%
Antidiabetic drugJanuviaSitagliptin
17%
Beta-blockerCoregCarvedilol
16%
Antitussive/ExpectorantRobitussinDextromethorphan/Guaifenesin
16%
Antiparkinsonian drugInbrija|Dopar|LarodopaLevodopa
16%
Muscle relaxantLioresalBaclofen
15%
5-alpha reductase inhibitorProscarFinasteride
15%
Rapid-acting insulinNovoLogInsulin aspart
15%
Prostaglandin analogXalatanLatanoprost
15%
FluoroquinoloneLevaquinLevofloxacin
15%
Thiazide diureticMicrozide|AquazideHydrochlorothiazide|HCTZ
14%
LaxativeConstuloseLactulose
14%
DMARDOtrexupMethotrexate
14%
Dopamine antagonistReglanMetoclopramide
14%
CNS StimulantVyvanseLisdexamfetamine
13%
Antipsychotic drugZyprexaOlanzapine
13%
Anticonvulsant drugDilantinPhenytoin
13%
Norepinephrine reuptake inhibitorStratteraAtomoxetine
12%
Macrolide antibacterialBiaxinClarithromycin
12%
Antipsychotic drugClozarilClozapine
12%
Anti-gout drugColcrys|MitigareColchicine
12%
Anticoagulant drugPradaxaDabigatran
12%
Acetylcholinesterase inhibitorAriceptDonepezil
12%
ACE inhibitorVasotec|EpanedEnalapril
12%
Anti-malarial drugPlaquenilHydroxychloroquine
12%
Antifungal drugNizoral TopicalKetoconazole
12%
Form of vitamin B3NiaspanNiacin
12%
BenzodiazepineRestorilTemazepam
12%
AnticholinergicSpirivaTiotropium
12%
AntidepressantDesyrelTrazodone
12%
Z-drug / hypnoticLunestaEszopiclone
11%
Iron supplementFeosolFerrous sulfate
11%
NMDA antagonistNamendaMemantine
11%
Muscle relaxantCarbacot|RobaxinMethocarbamol
11%
Antibacterial drugBactrobanMupirocin
11%
Anti-migraine drugZomigZolmitriptan
11%
CephalosporinOmnicefCefdinir
10%
Disinfectant/antisepticBetaSept|ChloraPrep|PeridexChlorhexidine
10%
5-alpha reductase inhibitorAvodartDutasteride
10%
GLP-1 agonist/Antidiabetic drugSaxenda|VictozaLiraglutide
10%
Angiotensin II blockerBenicarOlmesartan
10%
BisphosphonateActonelRisedronate
10%
Antiparkinsonian drugRequipRopinirole
10%
SGLT-2 inhibitor/Antidiabetic drugInvokanaCanagliflozin
9%
SSRILuvoxFluvoxamine
9%
ACE inhibitorAceonPerindopril
9%
ThiazolidinedioneActosPioglitazone
9%
Alpha-1 blockerCarduraDoxazosin
8%
Antidiabetic drugGlucotrolGlipizide
8%
Antidiabetic drugDiaBetaGlyburide
8%
Rapid-acting insulinHumaLOGInsulin lispro
8%
NitrateImdurIsosorbide mononitrate
8%
StatinMevacor|AltoprevLovastatin
8%
Antimuscarinic drugVesicareSolifenacin
8%
Muscle relaxantZanaflexTizanidine
8%
AntihyperlipidemicZetiaEzetimibe
7%
Phosphate binderRenvelaSevelamer
7%
Corticosteroid/AntifungalLotrisoneBetamethasone/Clotrimazole
6%
Antimigraine drugRelpaxEletriptan
6%
Antidiabetic medicineAmarylGlimepiride
6%
Antihypertensive drugApresolineHydralazine
6%
Long-acting insulinLevemirInsulin detemir
6%
AnalgesicPyridiumPhenazopyridine
6%
Antiparkinsonian drugCogentinBenztropine
5%
CephalosporinCeftinCefuroxime
5%
Low-molecular weight heparin (LMWH)FragminDalteparin
5%
Birth control medicineYazEthinyl estradiol/Drospirenone
5%
FibrateLopidGemfibrozil
5%
BisphosphonateBonivaIbandronate
5%
ImmunosuppressantSandIMMUNE|NeoralCyclosporin
4%
Anti-spasmodic drugBentylDicyclomine
4%
Antiretroviral drugsAtriplaEmtricitabine/Tenofovir/Efavirenz
4%
CorticosteroidFlonase Nasal SprayFluticasone propionate
4%
Tricyclic antidepressantTofranilImipramine
4%
Monoclonal antibodyRemicadeInfliximab
4%
FluoroquinoloneAveloxMoxifloxacin
4%
Tricyclic antidepressantPamelorNortriptyline
4%
Proton-pump inhibitorAcipHexRabeprazole
4%
Alpha-1 blockerHytrinTerazosin
4%
Antibacterial drugSumycin|Ala-Tet|BrodspecTetracycline
4%
Antiviral drugValcyteValganciclovir
4%
PDE5 inhibitorLevitraVardenafil
4%
BisphosphonateReclast|ZometaZoledronic acid
4%
Alpha-1 blockerUroxatralAlfuzosin
3%
Estrogen replacementPremarinConjugated estrogens
3%
Monoclonal antibodyXgeva|ProliaDenosumab
3%
Estrogen modulatorEvistaRaloxifene
3%
CorticosteroidAristocortTriamcinolone
3%
Potassium-sparing diureticDyreniumTriamterene
3%
Monoclonal antibodyStelaraUstekinumab
3%
Z-drug / hypnoticSonataZaleplon
3%
Anticancer drugAvastinBevacizumab
2%
Human erythropoietinEpogenEpoetin alfa
2%
DMARDEnbrelEtanercept
2%
Monoclonal antibodyXolairOmalizumab
2%
CalcimimeticSensiparCinacalcet
1%
ImmunomodulatorGilenyaFingolimod
1%
Antiemetic drugKytril|SancusoGranisetron
1%
Intermediate-acting insulinHumulinInsulin isophane
1%
NSAIDRelafenNabumetone
1%
Anti-triglyceride drugLovazaOmega-3 fatty acids
1%
Integrase inhibitorIsentressRaltegravir
1%
Hepatitis C drugSovaldiSofosbuvir
1%
Monoclonal antibodyHerceptinTrastuzumab
1%
Anticonvulsant drugDepacon|DepakoteValproate sodium
1%
Analgesic / antipyretic AntihistamineNight TimeAcetaminophen Diphenhydramine
0%
Anticancer drugAlimtaPemetrexed
0%

Score Distribution

Percentile by Number Answered

Percent of People with Each Score

Your Score History

You have not taken this quiz